| Tag |
First Indicator |
Second Indicator |
Subfields |
| LEADER |
00000cam a2200000 a 4500 |
| 001 |
in00000032049 |
| 005 |
20151007055025.0 |
| 008 |
841029c19851987nyu b 00100 eng |
| 010 |
|
|
|a 84023082
|
| 020 |
|
|
|a 0877546061
|
| 035 |
|
|
|a (OCoLC)11398579
|
| 035 |
|
|
|9 AAB7013AM
|
| 040 |
|
|
|a DLC
|c DLC
|d m/c
|d TXA
|d UtOrBLW
|
| 049 |
|
|
|a TXAM
|c [A11052978]
|
| 050 |
0 |
0 |
|a PR1924
|b .G35 1985
|
| 050 |
|
4 |
|a PR1924
|b .G35 1987
|
| 082 |
0 |
|
|a 821/.1
|2 19
|
| 245 |
0 |
0 |
|a Geoffrey Chaucer /
|c edited, with an introduction, by Harold Bloom.
|
| 264 |
|
1 |
|a New York, NY :
|b Chelsea House,
|c 1985
|
| 264 |
|
4 |
|c ©1987
|
| 300 |
|
|
|a 149 pages ;
|c 24 cm.
|
| 336 |
|
|
|a text
|b txt
|2 rdacontent
|
| 337 |
|
|
|a unmediated
|b n
|2 rdamedia
|
| 338 |
|
|
|a volume
|b nc
|2 rdacarrier
|
| 490 |
1 |
|
|a Modern critical views
|
| 504 |
|
|
|a Bibliography: pages 141-142.
|
| 500 |
|
|
|a Includes index.
|
| 505 |
0 |
|
|a The greatness of Chaucer / G.K. Chesterton -- The ending of Troilus ; The effect of the "Merchant's tale" / E. Talbot Donaldson -- Can we trust the wife of Bath? / David Parker -- From medieval to Renaissance / Alice S. Miskimin -- The idea of The Canterbury tales / Donald R. Howard -- The importance of the literal / Charles A. Owen -- Truth and fiction in the "Nun's priest's tale" / Saul Nathaniel Brody -- Literal and symbolic in The Canterbury tales / Stewart Justman.
|
| 600 |
1 |
0 |
|a Chaucer, Geoffrey,
|d -1400
|x Criticism and interpretation.
|
| 700 |
1 |
|
|a Bloom, Harold.
|
| 830 |
|
0 |
|a Modern critical views.
|
| 999 |
|
|
|a MARS
|
| 999 |
f |
f |
|s b83a095f-8a12-385b-ae1d-0cc043dbdf99
|i f7cba5d2-b09c-3d30-b024-b1dd48c8bcb3
|t 0
|
| 952 |
f |
f |
|p normal
|a Texas A&M University
|b College Station
|c Sterling C. Evans Library
|d Evans: Library Stacks
|t 0
|e PR1924 .G35 1987
|h Library of Congress classification
|i unmediated -- volume
|m A14811052978
|
| 998 |
f |
f |
|a PR1924 .G35 1987
|t 0
|l Evans: Library Stacks
|